000 00475pam a2200157a 44500
008 230515b1975 xxu||||| |||| 00| 0 eng d
020 _aNULL
041 _aENGLISH
082 _a630
100 _a7436-1974
245 _aGUIDE FOR TYPES OF MEASUREMENT FOR STRUCTURES IN RIVER VALLEY PROJECTS AND CRITERIA FOR CHOICE AND LOCATION OF MEASURING INSTRUMENT PART- I (EARTH AND ROCK FILL DAME)
250 _a0
260 _aDELHI
_bISI
_c1975
300 _a12
650 _aNULL
999 _c652010
_d652010